000 00470nam a2200193Ia 4500
005 20241002032323.0
008 240331s9999 xx 000 0 und d
020 _a0415048729
082 _bHAM
_a809
100 _aHamer, M
245 0 _aSigns of cleopatra :
_bhistory, politics, representation
260 _aLondon
_bRoutledge
_c1993
300 _axxii, 164 p .,
650 _aHistory
650 _aPolitics
650 _aGender
650 _aCulture
942 _cL
999 _c3115
_d3115